[Event "AUTO-INT-1616"]
[Site "http://www.queenalice.com/game.php?id=734029"]
[Date "2010.2.18"]
[Round "1"]
[White "Yaroo"]
[Black "V_Spy"]
[Result "1-0"]
[WhiteElo "1690"]
[BlackElo "1384"]

1. e4 e5 2. Nf3 Nc6 3. Bc4 Na5 4. Nxe5 Nxc4 5. Nxc4 Qg5 6. O-O Bd6 7. Nxd6+ cxd6
8. d4 Qh4 9. c4 Qxe4 10. Re1 Qxe1+ 11. Qxe1+ Ne7 12. Nc3 b6 13. Nd5 Kd8 14.
Qxe7# 1-0

[Event "AUTO-INT-1616"]
[Site "http://www.queenalice.com/game.php?id=734048"]
[Date "2010.2.18"]
[Round "1"]
[White "Yaroo"]
[Black "Raxtlon"]
[Result "1-0"]
[WhiteElo "1728"]
[BlackElo "1343"]

1. e4 c5 2. Nf3 Nf6 3. Nc3 d6 4. d4 cxd4 5. Nxd4 Nc6 6. Be2 Nxd4 7. Qxd4 Qb6 8.
Qxb6 axb6 9. O-O Be6 10. Be3 Nd7 11. Bb5 g6 12. Bxb6 Bg7 13. a4 O-O 14. Be3 Nc5
15. f3 Bxc3 16. bxc3 Bd7 17. Bxc5 Bxb5 18. axb5 Rxa1 19. Rxa1 dxc5 20. Ra7 Rb8
21. Kf2 e6 22. Ke3 Kg7 23. b6 f5 24. Kd3 fxe4+ 25. Kxe4 Kf6 26. f4 h5 27. g3 Kf7
28. Ke5 Ke7 29. h3 c4 30. g4 hxg4 31. hxg4 1-0

[Event "AUTO-INT-1616"]
[Site "http://www.queenalice.com/game.php?id=734049"]
[Date "2010.2.18"]
[Round "1"]
[White "Raxtlon"]
[Black "Yaroo"]
[Result "0-1"]
[WhiteElo "1335"]
[BlackElo "1675"]

1. d4 d5 2. Nf3 Nf6 3. Bf4 e6 4. e3 Bd6 5. Bxd6 cxd6 6. Bb5+ Bd7 7. Nc3 O-O 8.
O-O a6 9. Bxd7 Nbxd7 10. Re1 Ne4 11. Nxe4 dxe4 12. Nd2 f5 13. Nc4 d5 14. Nd2 Qg5
15. g3 Nf6 16. Nf1 Ng4 17. Qd2 Rf6 18. h4 Qh5 19. Nh2 Rg6 20. Nxg4 Rxg4 21. Rf1
Qxh4 22. f3 Rxg3+ 23. Kf2 Rh3+ 0-1

[Event "Challenge"]
[Site "http://www.queenalice.com/game.php?id=739260"]
[Date "2010.3.1"]
[Round "-"]
[White "Yaroo"]
[Black "leking"]
[Result "1-0"]
[WhiteElo "1730"]
[BlackElo "1762"]

1. e4 e5 2. Nf3 Nc6 3. Bc4 Bc5 4. O-O Nf6 5. d3 O-O 6. Be3 Bxe3 7. fxe3 d5 8.
exd5 Nxd5 9. Bxd5 Qxd5 10. Nc3 Qd8 11. e4 Bg4 12. h3 Bxf3 13. Qxf3 Nd4 14. Qd1
c6 15. Ne2 c5 16. c3 Ne6 17. Qc2 Qb6 18. Kh1 Rad8 19. Rad1 c4 20. dxc4 Nc5 21.
Rxd8 Rxd8 22. b4 Ne6 23. Rd1 Qc6 24. Rxd8+ Nxd8 25. Qd3 Ne6 26. Qd5 Qc7 27. c5
h6 28. a4 a6 29. g4 Ng5 30. Kg2 Kh7 31. Qd6 Qc6 32. Qxc6 bxc6 33. Ng3 Ne6 34.
Kf3 Ng5+ 35. Kg2 g6 36. h4 Ne6 37. Kf3 f6 38. Ne2 Kg7 39. Nc1 Nc7 40. Nd3 Kf7
41. g5 h5 42. gxf6 Kxf6 43. Nb2 Ke6 44. Nc4 Ne8 45. Ne3 Nc7 46. c4 Kf6 47. Nd1
g5 48. hxg5+ Kxg5 49. Kg3 h4+ 50. Kf3 Ne6 51. Nc3 Nd4+ 52. Kg2 Kg4 53. b5 h3+
54. Kh2 cxb5 55. cxb5 axb5 56. axb5 Nf3+ 57. Kh1 Kg3 58. c6 h2 59. c7 1-0

[Event "Challenge"]
[Site "http://www.queenalice.com/game.php?id=739263"]
[Date "2010.3.1"]
[Round "-"]
[White "pancas"]
[Black "Yaroo"]
[Result "0-1"]
[WhiteElo "1770"]
[BlackElo "1829"]

1. e4 e5 2. Nf3 Nc6 3. d4 exd4 4. Nxd4 Nxd4 5. Qxd4 d6 6. b3 Qf6 7. Bb2 Be7 8.
Bd3 Qxd4 9. Bxd4 Bf6 10. c3 Bxd4 11. cxd4 Nf6 12. O-O O-O 13. Nc3 c6 14. Rfe1
Re8 15. d5 cxd5 16. Nxd5 Nxd5 17. exd5 Bd7 18. Kf1 Re5 19. Rxe5 dxe5 20. Re1 f6
21. Re4 Bf5 22. Re3 Bxd3+ 23. Rxd3 Rd8 24. Ke2 Kf7 25. Ke3 f5 26. g3 Kf6 27. h3
e4 28. Rd4 Ke5 29. b4 Rxd5 30. Rxd5+ Kxd5 31. Kf4 Kc4 32. Kxf5 Kxb4 33. Kxe4 Ka3
34. f4 Kxa2 35. g4 b5 36. f5 b4 37. g5 b3 38. f6 gxf6 39. gxf6 b2 40. f7 b1=Q+
41. Ke5 Qb8+ 42. Ke6 Qf8 0-1

[Event "Challenge"]
[Site "http://www.queenalice.com/game.php?id=744970"]
[Date "2010.3.12"]
[Round "-"]
[White "Yaroo"]
[Black "Balrog"]
[Result "0-1"]
[WhiteElo "1858"]
[BlackElo "1899"]

1. e4 e5 2. Nf3 Nc6 3. Bc4 Nd4 4. c3 Nxf3+ 5. Qxf3 Qf6 6. Qxf6 Nxf6 7. O-O Bc5
8. d3 O-O 9. h3 c6 10. Be3 Bxe3 11. fxe3 d5 12. exd5 cxd5 13. Bb3 b6 14. Nd2 Ba6
15. c4 Rad8 16. Bc2 dxc4 17. Nxc4 e4 18. Rfd1 exd3 19. Bxd3 Rxd3 20. Rxd3 Bxc4
21. Rc3 Bd5 22. Rac1 h6 23. Rc7 a5 24. a3 Re8 25. R1c3 Be4 26. Rc8 Kf8 27. Kf2
Rxc8 28. Rxc8+ Ke7 29. g4 Kd7 30. Rc4 Bd5 31. Rd4 Ke6 32. Kg3 Ke5 33. Kf2 Ne4+
34. Ke2 Nd6 35. Kd3 g5 36. b4 Nb5 37. bxa5 Nxd4 38. exd4+ Kd6 39. axb6 Kc6 40.
Ke3 Kxb6 41. Kf2 Kb5 0-1

[Event "Challenge"]
[Site "http://www.queenalice.com/game.php?id=744971"]
[Date "2010.3.12"]
[Round "-"]
[White "Grandioso"]
[Black "Yaroo"]
[Result "0-1"]
[WhiteElo "1886"]
[BlackElo "1830"]

1. e4 e5 2. Nc3 Nf6 3. d4 exd4 4. Qxd4 Nc6 5. Qd2 Bb4 6. Bd3 O-O 7. Nge2 d5 8.
exd5 Nxd5 9. O-O h6 10. a3 Nxc3 11. bxc3 Bd6 12. Bb2 Ne5 13. Rad1 Be6 14. Qe3
Re8 15. f3 Qe7 16. f4 Nd7 17. Qg3 Bxa3 18. Bxa3 Qxa3 19. f5 Bd5 20. c4 Qc5+ 21.
Kh1 Bxc4 22. f6 g6 23. Bxg6 Qg5 24. Bd3 Bxd3 25. Rxd3 Rxe2 26. Qxg5+ hxg5 27.
Rxd7 Rxc2 28. h3 Rc5 29. Re1 Rc6 30. Rf1 Re8 31. Rf5 Kf8 32. Rxg5 Rxf6 33. Rxc7
Re7 34. Rc3 Rg6 35. Rc8+ Kg7 36. Rd5 Re1+ 37. Kh2 Re2 38. Rd1 Rgxg2+ 39. Kh1
Rh2+ 40. Kg1 Rxh3 41. Rc7 Rb3 42. Rc4 b5 43. Rg4+ Kf8 44. Rg2 Rxg2+ 45. Kxg2 a5
46. Ra1 a4 0-1

[Event "Challenge"]
[Site "http://www.queenalice.com/game.php?id=749541"]
[Date "2010.3.21"]
[Round "-"]
[White "Yaroo"]
[Black "ljkhalil"]
[Result "1/2-1/2"]
[WhiteElo "1863"]
[BlackElo "1881"]

1. e4 Nc6 2. d4 d5 3. exd5 Qxd5 4. Nf3 Bf5 5. Nc3 Qe6+ 6. Be2 Qg6 7. Bd3 Bxd3 8.
Qxd3 Qxg2 9. Rg1 Qh3 10. Rg3 Qe6+ 11. Be3 Nb4 12. Qb5+ Qc6 13. Qxb4 e6 14. Qb5
Ne7 15. Ne5 Qxb5 16. Nxb5 Nd5 17. c4 a6 18. Nc3 Nxe3 19. fxe3 f6 20. Nd3 b6 21.
a3 g6 22. Ke2 Kf7 23. Rf1 Kg7 24. h4 Bd6 25. Rg2 f5 26. h5 Rag8 27. Nf4 Kf7 28.
hxg6+ hxg6 29. e4 Bxf4 30. Rxf4 Ke7 31. Rf1 Rh4 32. exf5 exf5 33. Ke3 Kf7 34.
Nd5 Re8+ 35. Kd3 Ree4 36. b3 Rxd4+ 37. Kc3 b5 38. Rd2 Rxd2 39. Kxd2 bxc4 40.
Nxc7 cxb3 41. Nxa6 Ra4 42. Nc5 Rxa3 43. Rb1 Ra2+ 44. Kd1 b2 45. Nd3 Ra1 46. Kc2
g5 47. Kxb2 Ra8 48. Kc2 g4 49. Kd2 Re8 50. Re1 Rxe1 51. Kxe1 Kf6 52. Kf2 Kg6 53.
Kg3 Kf6 54. Nf4 Ke5 55. Ne2 Ke4 1/2-1/2

[Event "Challenge"]
[Site "http://www.queenalice.com/game.php?id=752049"]
[Date "2010.3.26"]
[Round "-"]
[White "lobo"]
[Black "Yaroo"]
[Result "0-1"]
[WhiteElo "1809"]
[BlackElo "1864"]

1. e4 e5 2. Nf3 Nc6 3. Bb5 a6 4. Bxc6 dxc6 5. a3 Nf6 6. Nc3 Bd6 7. h3 O-O 8. d3
Be6 9. Qe2 b5 10. b4 a5 11. bxa5 Rxa5 12. Ng5 Bd7 13. Nf3 Qa8 14. a4 bxa4 15.
Bg5 Bb4 16. Qd2 h6 17. Bxf6 gxf6 18. Ke2 a3 19. Rhb1 Rb8 20. d4 Qa6+ 21. Ke1 Qc4
22. Rb3 a2 23. dxe5 Bxc3 24. Qxc3 Qxc3+ 25. Rxc3 Rb1+ 26. Rxb1 axb1=Q+ 27. Kd2
fxe5 28. Rb3 Qf1 29. Ke3 Qxg2 30. c4 Qxh3 31. Ke2 Bg4 32. Rc3 Bxf3+ 33. Rxf3
Ra2+ 0-1

[Event "AUTO-INT-1616"]
[Site "http://www.queenalice.com/game.php?id=779275"]
[Date "2010.5.22"]
[Round "2"]
[White "Korchnoico"]
[Black "Yaroo"]
[Result "0-1"]
[WhiteElo "1674"]
[BlackElo "1904"]

1. c4 Nf6 2. d4 g6 3. e3 Bg7 4. Nc3 O-O 5. Nf3 d6 6. Bd3 c5 7. d5 e6 8. e4 exd5
9. cxd5 Re8 10. O-O a6 11. Bg5 Qc7 12. Re1 b5 13. Qc1 Bg4 14. h3 Bxf3 15. gxf3
Nbd7 16. Bh6 Ne5 17. Be2 Qc8 18. Bxg7 Kxg7 19. Qg5 Qxh3 20. Qg3 Qxg3+ 21. fxg3
h5 22. f4 Neg4 23. Bf3 Ra7 24. e5 dxe5 25. Bxg4 Nxg4 26. fxe5 Rxe5 27. Red1 Rd7
28. Re1 Rxe1+ 29. Rxe1 b4 30. Ne4 Rxd5 31. Rc1 c4 32. Kg2 Nf6 33. Nf2 Rd2 34.
Rxc4 Ng4 35. Rf4 Rxb2 36. Kf3 Rxf2+ 37. Ke4 Rxf4+ 38. gxf4 h4 39. Kf3 f5 40. Kg2
a5 41. Kh3 a4 0-1

[Event "AUTO-INT-1616"]
[Site "http://www.queenalice.com/game.php?id=779276"]
[Date "2010.5.22"]
[Round "2"]
[White "Yaroo"]
[Black "Korchnoico"]
[Result "1-0"]
[WhiteElo "1885"]
[BlackElo "1666"]

1. e4 c5 2. Nf3 e6 3. d4 cxd4 4. Nxd4 Nc6 5. Nc3 e5 6. Ndb5 a6 7. Nd6+ Bxd6 8.
Qxd6 Qe7 9. Qxe7+ Ngxe7 10. Bd3 O-O 11. O-O f5 12. f4 exf4 13. Bxf4 g5 14. Bd6
Rf7 15. Bc4 b5 16. Bxf7+ Kxf7 17. Bxe7 Nxe7 18. exf5 d6 19. Ne4 d5 20. Nxg5+ Ke8
21. Rae1 Kd8 22. f6 Ng6 23. Nxh7 1-0

[Event "AUTO-INT-1616"]
[Site "http://www.queenalice.com/game.php?id=779279"]
[Date "2010.5.22"]
[Round "2"]
[White "jumping"]
[Black "Yaroo"]
[Result "0-1"]
[WhiteElo "1607"]
[BlackElo "1923"]

1. d4 Nf6 2. Nc3 g6 3. e4 d6 4. Bc4 Bg7 5. Nf3 O-O 6. O-O Bg4 7. Bg5 Nbd7 8. Re1
c6 9. d5 Ne5 10. Re3 Nxc4 11. Re1 Ne5 12. Re3 Nxf3+ 13. gxf3 Bh5 14. dxc6 bxc6
15. Qd3 Qd7 16. h4 h6 17. Bf4 Rab8 18. b3 e5 19. Bh2 Rb4 20. a3 Rbb8 21. Kf1
Qh3+ 0-1

[Event "AUTO-INT-1616"]
[Site "http://www.queenalice.com/game.php?id=779280"]
[Date "2010.5.22"]
[Round "2"]
[White "Yaroo"]
[Black "jumping"]
[Result "1-0"]
[WhiteElo "1919"]
[BlackElo "1607"]

1. e4 e5 2. Nf3 Nc6 3. d4 d6 4. dxe5 Nxe5 5. Nxe5 dxe5 6. Qxd8+ Kxd8 7. Bc4 Be6
8. Bxe6 fxe6 9. O-O Nf6 10. Bg5 Kd7 11. Nc3 Bb4 12. Rad1+ Bd6 13. f4 exf4 14. e5
Ke7 15. exd6+ cxd6 16. Bxf6+ gxf6 17. Rxf4 Rac8 18. Rf2 h5 19. Ne4 h4 20. c3
Rhg8 21. Nxf6 h3 22. Nxg8+ Rxg8 23. Kh1 1-0

[Event "AUTO-INT-1616"]
[Site "http://www.queenalice.com/game.php?id=779281"]
[Date "2010.5.22"]
[Round "2"]
[White "filou"]
[Black "Yaroo"]
[Result "0-1"]
[WhiteElo "1645"]
[BlackElo "1896"]

1. e4 e5 2. d3 Nf6 3. Bg5 h6 4. Bxf6 Qxf6 5. Nf3 Bc5 6. d4 exd4 7. Nbd2 Nc6 8.
Bc4 O-O 9. a3 Re8 10. Qe2 a6 11. O-O-O Ne5 12. Nxe5 Rxe5 13. f3 b5 14. Bd5 c6
15. Bb3 d5 16. a4 Bb6 17. g3 dxe4 18. f4 Re8 19. Nxe4 Qg6 20. c3 Bg4 21. Qd3
Bxd1 22. Rxd1 Qxe4 23. h4 Qxd3 24. Rxd3 dxc3 25. Rxc3 c5 26. Bd5 Rad8 27. Bf3 c4
28. g4 Rd3 29. Rxd3 cxd3 30. g5 Be3+ 0-1

[Event "AUTO-INT-1616"]
[Site "http://www.queenalice.com/game.php?id=779282"]
[Date "2010.5.22"]
[Round "2"]
[White "Yaroo"]
[Black "filou"]
[Result "1-0"]
[WhiteElo "1913"]
[BlackElo "1627"]

1. e4 g6 2. Nf3 d6 3. Bc4 Bg4 4. Nc3 Nc6 5. Bxf7+ Kxf7 6. Ng5+ Ke8 7. Qxg4 e5 8.
d3 Nd4 9. Qd1 Qe7 10. Nd5 Qd7 11. c3 Ne6 12. Nxe6 Qxe6 13. Nxc7+ Kf7 14. Nxe6
Kxe6 15. Qg4+ Kf7 16. Bg5 h6 17. Qd7+ Be7 18. Bxe7 Nxe7 19. Qxd6 Rad8 20. Qxe5
g5 21. d4 Nc6 22. Qc7+ Kf6 23. Qxb7 Ne7 24. Qxa7 Ng6 25. e5+ Ke6 26. O-O-O Nf4
27. g3 Ng6 28. f4 gxf4 29. gxf4 Nxf4 30. Rdf1 Rhf8 31. Qg7 Kf5 32. Rhg1 Ke4 33.
Kd2 h5 34. e6 Rf5 35. Rg5 Rfd5 36. Rxd5 Nxd5 37. Qe5# 1-0

[Event "Challenge"]
[Site "http://www.queenalice.com/game.php?id=826038"]
[Date "2010.8.31"]
[Round "-"]
[White "Yaroo"]
[Black "schalturtjik"]
[Result "0-1"]
[WhiteElo "1945"]
[BlackElo "1966"]

1. e4 e6 2. Nf3 d5 3. exd5 exd5 4. d4 Nf6 5. Be2 Bd6 6. O-O O-O 7. Bg5 Nbd7 8.
c3 c6 9. Qc2 Qc7 10. Nbd2 Re8 11. Rfe1 Ne4 12. Be3 f5 13. g3 f4 14. Nxe4 dxe4
15. Qb3+ Kh8 16. Ng5 Re7 17. Nf7+ Rxf7 18. Qxf7 fxe3 19. Bc4 Nf6 20. Qxc7 exf2+
21. Kxf2 Bxc7 22. Rad1 Bg4 23. Be2 Be6 24. b3 Ng4+ 25. Bxg4 Bxg4 26. Rd2 Bf3 27.
Kg1 Rd8 28. b4 h5 29. a4 a5 30. Rb2 axb4 31. Rxb4 Ba5 32. Rb3 b6 33. h4 Kh7 34.
Kh2 Kg6 35. Kh3 Kf5 36. Re3 Rd5 37. Ra3 c5 38. dxc5 Rxc5 39. Rb3 Bd1 40. Rb5
Bxa4 41. Rxc5+ bxc5 42. Kg2 c4 43. Kf1 Bc2 44. Kg2 Bd3 0-1

[Event "QA-ANNIV-06"]
[Site "http://www.queenalice.com/game.php?id=837052"]
[Date "2010.9.23"]
[Round "2"]
[White "Pollyanna"]
[Black "Yaroo"]
[Result "1-0"]
[WhiteElo "2499"]
[BlackElo "1930"]

1. d4 d5 2. c4 e6 3. Nc3 Nf6 4. cxd5 exd5 5. Bg5 Be7 6. e3 O-O 7. Bd3 Be6 8.
Nge2 h6 9. Bxf6 Bxf6 10. Nf4 c6 11. Nxe6 fxe6 12. Qg4 Qd6 13. Qg6 e5 14. Bf5
exd4 15. exd4 Qe7+ 16. Kd2 Bxd4 17. Qh7+ Kf7 18. Rae1 Bxc3+ 19. bxc3 Qg5+ 20. f4
Qxf4+ 21. Kc2 Na6 22. Rhf1 Qa4+ 23. Kc1 Qa3+ 24. Kd1 1-0

[Event "QA-ANNIV-06"]
[Site "http://www.queenalice.com/game.php?id=885002"]
[Date "2011.1.12"]
[Round "3"]
[White "Yaroo"]
[Black "Markan"]
[Result "1-0"]
[WhiteElo "1928"]
[BlackElo "1718"]

1. e4 e5 2. Nf3 d6 3. Nc3 Nf6 4. d3 Nc6 5. h3 g6 6. Be2 Bg7 7. O-O Be6 8. Bg5 h6
9. Be3 Qd7 10. d4 exd4 11. Nxd4 Nxd4 12. Bxd4 c5 13. Bb5 1-0

[Event "QA-ANNIV-06"]
[Site "http://www.queenalice.com/game.php?id=924344"]
[Date "2011.4.10"]
[Round "4"]
[White "goldaric"]
[Black "Yaroo"]
[Result "1-0"]
[WhiteElo "1977"]
[BlackElo "1936"]

1. d4 d5 2. c4 e6 3. Nc3 Nf6 4. a3 c5 5. cxd5 exd5 6. Bg5 Be6 7. Nf3 Nc6 8. e3
h6 9. Bh4 Be7 10. Be2 O-O 11. O-O Ne4 12. Bxe7 Qxe7 13. Rc1 a6 14. dxc5 Nxc5 15.
Nxd5 Bxd5 16. Qxd5 Ne6 17. Qe4 Qf6 18. Rfd1 Qxb2 19. Bd3 Qxa3 20. Qh7# 1-0

[Event "QA-ANNIV-06"]
[Site "http://www.queenalice.com/game.php?id=966960"]
[Date "2011.7.31"]
[Round "5"]
[White "Yaroo"]
[Black "whyBish"]
[Result "1-0"]
[WhiteElo "1922"]
[BlackElo "2096"]

1. e4 c5 2. Nf3 e6 3. Nc3 a6 4. d4 cxd4 5. Nxd4 b5 6. g3 b4 7. Nce2 Bb7 8. Bg2
Nf6 9. Qd3 Bc5 10. O-O O-O 11. Nb3 Bb6 12. Be3 Bc7 13. Nc5 Bc6 14. Nd4 d5 15.
Rad1 dxe4 16. Nxc6 Nxc6 17. Nxe4 Nd5 18. a3 Ne5 19. Qe2 Qb8 20. Bc5 Rd8 21. axb4
Kh8 22. f4 Nd7 23. Ng5 Kg8 24. Qh5 Nxc5 25. bxc5 h6 26. Qxf7+ Kh8 27. Nxe6 1-0